000 00715nam a2200277 a 4500
001 BS0001416
003 BR-BrBNA
005 20230418191730.0
008 230308b |||||||| |||| 00| 0 por d
040 _aBR-BrBNA
_bpor
_cBiblioteca Nacional de Agricultura
041 _apor
072 _aB53
090 _aB53 BS0001416
100 1 _aBarber, W.J.
245 1 _aUma história do Pensamento Econômico /
260 3 _aRio de Janeiro:
_bZahar Editores,
_c1971.
300 _a245 p.
650 _aECONOMIA
650 _aHISTÓRIA DA ECONÔMIA
650 _aNEOCLÁSSICA
650 _aMARXISTA
650 _aKEYNESIANA
650 _aCLÁSSICA
909 _a202304
_bSergio Santos
_c56
_dSergio Santos
942 _cBK
999 _c6476
_d6476